000 01206nam a2200313 i 4500
003 EG-GICUC
005 20260121101552.0
008 251230s1996 ua ||||fr|||| 000 0 ara d
040 _a EG-GICUC
_bara
_c EG-GICUC
_d EG-GICUC
_erda
041 0 _aara
082 0 4 _221
_a345.621
_bم ح . ت
092 0 4 _221
099 _aLaw1 07 345.621 م ح . ت 1996
100 0 _aمحمد عبداللطيف
_eمؤلف.
245 1 0 _aتسبيب القرارات الإدارية /
_cدكتور محمد عبداللطيف.
264 1 _aالقاهرة :
_bدار النهضة العربية،
_c1996.
300 _a242 صفحة ؛
_c24 سم.
_bإيضاحيات، صور، مثيليات ؛
336 _2rda content
_atext
337 _2rda media
_aComputer
338 _2rda carrier
_aOnline Resource
504 _aببليوجرافيا صفحات 228- 238
546 _aالنص أغلبه باللغة العربية بعض النصوص الإنجليزية والفرنسية
650 4 _aركن السبب والتسبب
650 4 _aالقانون الإداري
651 1 _2qrmak
856 4 0 _uhttps://fll.law.cu.edu.eg/fulltext/bks/B07-02038.pdf
905 _a79
942 _2ddc
_cBK
_e21
_n0
999 _c53298
_d53298